000 00401pab a2200169 454500
008 180718b1999 xxu||||| |||| 00| 0 eng d
100 _aDas, S.K.
245 _aTrimming the civil service fat
260 _c1999
300 _ap.6
362 _a13 Mar
650 _aBureaucracy - India
650 _aCivil service - India
650 _aCivil service
773 _aEconomic Times
909 _a41002
999 _c41002
_d41002